[Event "RUS-chT Blitz Women 2018"]
[Site "Sochi"]
[Date "2018.10.10"]
[Round "1.9"]
[White "Voit, Daria"]
[Black "Maltseva, Aleksandra"]
[Result "1-0"]
[WhiteElo "2352"]
[BlackElo "1347"]
[Annotator "NA RC"]
[PlyCount "55"]
[EventDate "2018.10.10"]
[EventType "swiss"]
[EventCountry "RUS"]
[SourceTitle "playchess.com"]
[Source "ChessBase"]
[SourceQuality "1"]
[TimeControl "180+2"]

1. Nf3 {[%emt 0:00:00]} Nf6 {[%emt 0:00:00]} 2. c4 {[%emt 0:00:00]} g6 {[%emt 0:00:01]} 3. Nc3 {[%emt 0:00:03]} Bg7 {[%emt 0:00:01]} 4. d4 {[%emt 0:00:01]} O-O {[%emt 0:00:02]} 5. Bg5 {[%emt 0:00:01]} h6 {[%emt 0:00:04]} 6. Bh4 {[%emt 0:00:01]} d6 {[%emt 0:00:05]} 7. e3 {[%emt 0:00:01]} Nbd7 {[%emt 0:00:02]} 8. Be2 {[%emt 0:00:02]} c5 {[%emt 0:00:00]} 9. O-O {[%emt 0:00:03]} cxd4 {[%emt 0:00:03]} 10. exd4 {[%emt 0:00:02]} Nb6 {[%emt 0:00:05]} 11. b3 $14 {[%emt 0:00:10]} Kh7 {[%emt 0:00:17]} 12. h3 {[%emt 0:00:02]} Nh5 {[%emt 0:00:11]} 13. Bd3 {[%emt 0:00:10]} Nf4 {[%emt 0:00:15]} 14. Bc2 {[%emt 0:00:12]} Bf5 {[%emt 0:00:15]} 15. Re1 {[%emt 0:00:40]} Bxc2 {[%emt 0:00:29]} 16. Qxc2 {[%emt 0:00:02]} Re8 {[%emt 0:00:20]} 17. Qe4 {[%emt 0:00:20]} Ne6 {[%emt 0:00:18]} 18. Qxb7 {[%emt 0:00:10]} Nxd4 {[%emt 0:00:32]} 19. Nxd4 {[%emt 0:00:17]} Bxd4 {[%emt 0:00:02]} 20. Bxe7 {[%emt 0:00:13]} Rxe7 {[%emt 0:00:34]} 21. Rxe7 {[%emt 0:00:05]} Kg8 {[%emt 0:00:02]} 22. Rc1 {[%emt 0:00:08]} Qf8 23. Qe4 {[%emt 0:00:11]} Bxc3 {[%emt 0:00:04]} 24. Rxc3 {[%emt 0:00:01]} Re8 {[%emt 0:00:02]} 25. Rxe8 {[%emt 0:00:02]} Qxe8 {[%emt 0:00:01]} 26. Qxe8+ {[%emt 0:00:02]} Kg7 {[%emt 0:00:01]} 27. Rf3 {[%emt 0:00:02]} a6 {[%emt 0:00:04]} 28. Rxf7# {[%emt 0:00:02]} 1-0

[Event "RUS-chT Blitz Women 2018"]
[Site "Sochi"]
[Date "2018.10.10"]
[Round "1.10"]
[White "Sirotkina, Elizaveta"]
[Black "Dordzhieva, Dinara"]
[Result "0-1"]
[WhiteElo "1234"]
[BlackElo "2340"]
[Annotator "TA"]
[PlyCount "68"]
[EventDate "2018.10.10"]
[EventType "swiss"]
[EventCountry "RUS"]
[SourceTitle "playchess.com"]
[Source "ChessBase"]
[SourceQuality "1"]

{[%evp 21,67,2,37,-12,-14,-113,-127,-130,-141,-185,-168,-485,-269,-277,-54,-56,0,-104,-108,-337,-325,-678,-658,-599,-325,-747,-672,-753,-752,-772,-782,-767,-753,-900,-912,-1805,-1800,-29984,-29985,-29984,-29985,-29991,-29988,-29991,-29991,-29995,-29996,-29999]} 1. e4 c5 2. Nf3 d6 3. d4 cxd4 4. Nxd4 Nf6 5. Nc3 a6 6. f3 e6 {[%cal Be7e6,Be6e5][%mdl 32]} 7. Be3 b5 {[%cal Bb7b5,Bb5b4][%mdl 32]} 8. Qd2 b4 {B80: Sicilian Scheveningen: 6 g3 and 6 Be3, including English Attack} (8... Bb7 9. g4 Nfd7 10. O-O-O Nb6 11. Nb3 N8d7 12. Na5 Rb8 13. Bd4 Ba8 14. h4 Qc7 15. g5 b4 16. Nb1 e5 17. Bxb6 Rxb6 18. Nc4 Rc6 19. Ne3 {1-0 (70) Aronian,L (2767)-Nakamura,H (2777) Saint Louis 2018}) 9. Nce2 e5 10. Nb3 Nc6 11. g4 h6 {LiveBook: 52 Games} 12. h4 Be6 13. Nbc1 $146 (13. Ng3 $11 {remains equal.}) ({Predecessor:} 13. Ng3 Nd7 14. Nf5 Nb6 15. O-O-O Bxf5 16. gxf5 Qc7 {1-0 (36) Hickman,J (2058)-Gibson,C (2056) Hastings 2007}) 13... d5 $17 14. exd5 Nxd5 15. Nd3 Be7 16. O-O-O $2 (16. Bf2) 16... Nxe3 (16... Qa5 $142 17. c4 Nxe3 18. Qxe3 Bxc4) 17. Qxe3 $19 {[#]} Qc7 $2 (17... Qa5 $1 $19 {...Rd8 is the strong threat.} 18. Bg2 Qxa2) 18. Kb1 $1 $15 Rc8 ({Black should try} 18... Rd8 $15 19. Bg2 Rc8) 19. Qd2 (19. Rd2 $1 $11) 19... O-O $36 {[%mdl 2048] Black is really pushing.} 20. f4 $2 (20. g5 $17) 20... e4 $19 ({Much less strong is} 20... Bxg4 21. Bg2 $19) 21. Ne5 $2 (21. Nf2 Rfd8 22. Qc1) 21... Nxe5 22. fxe5 Qxe5 23. g5 $2 (23. Qf4 Qxf4 24. Nxf4 Bxg4 25. Be2 Bxe2 26. Nxe2) 23... hxg5 24. hxg5 Bxg5 25. Qe1 Bf6 {[%csl Gf6][%cal Re5b2] [#]} 26. Nd4 Bg4 27. Rd2 Rfd8 28. Bg2 Rxd4 29. Rxd4 Qxd4 {[%csl Gf6][%cal Rd4b2] Black mates.} 30. Qc1 e3 31. Bb7 Rc7 32. Bg2 Bf5 33. Bf1 Rxc2 34. Ka1 Rxc1# {Precision: White = 14%, Black = 48%.} 0-1

[Event "RUS-chT Blitz Women 2018"]
[Site "Sochi"]
[Date "2018.10.10"]
[Round "1.11"]
[White "Shuvalova, Polina"]
[Black "Khusneeva, Alina"]
[Result "1-0"]
[WhiteElo "2421"]
[BlackElo "1066"]
[Annotator "TA"]
[PlyCount "75"]
[EventDate "2018.10.10"]
[EventType "swiss"]
[EventCountry "RUS"]
[SourceTitle "playchess.com"]
[Source "ChessBase"]
[SourceQuality "1"]

{[%evp 16,75,52,31,31,22,42,33,56,31,128,39,41,43,97,84,108,70,135,-52,160,160,105,28,128,143,154,120,135,70,212,218,305,257,295,287,274,122,539,554,1229,1217,1338,1324,1365,1360,2485,2471,3291,3177,29984,29985,29993,29994,29995,29996,29996,29996,29997,29998,29998,29999]} 1. e4 c5 2. Nf3 e6 3. c3 d6 4. d4 cxd4 5. cxd4 Nf6 6. Nc3 Be7 7. Be2 Nc6 8. O-O O-O 9. h3 a6 {B50: Sicilian: 2...d6, Miscellaneous} 10. a4 Qc7 (10... b6 11. Be3 Bb7 12. d5 exd5 13. Nxd5 Nxd5 14. Qxd5 Na5 15. Qf5 Bf6 16. Rfd1 Qe7 17. Bxb6 {1-0 (37) Le Ruyet,L (2273)-Novak,M (2146) Pardubice 2013}) 11. Re1 $146 ({Predecessor:} 11. Be3 Re8 12. Rc1 d5 13. e5 Nd7 14. Bd3 f6 15. Ng5 fxg5 16. Qh5 g6 17. Bxg6 hxg6 18. Qxg6+ Kf8 19. f4 g4 20. f5 Bh4 21. fxe6+ Nf6 22. exf6 Bxf6 23. Bh6+ {1-0 (23) Schneider,J (2105)-Pecorini,A (1625) Prague 2016}) 11... Rd8 {White is slightly better.} 12. Be3 b6 (12... d5 $14) 13. Qb1 ({Better is} 13. Rc1 $16) 13... Bb7 14. b4 $36 {[%mdl 2048] White is more active.} Bf8 (14... d5 $14) 15. Rc1 $16 Qd7 16. Bd3 h6 {[#]} (16... d5 $14) 17. Qb2 $2 (17. b5 $1 $16 {[%cal Rb5c6]} axb5 18. Bxb5) 17... Rac8 $2 (17... d5 $15) 18. d5 exd5 19. Bxb6 (19. exd5 $16 Ne5 20. Nxe5 dxe5 21. Bxb6) 19... Re8 (19... dxe4 $1 $11 {keeps the balance.} 20. Nxe4 Nxe4 21. Bxe4 Re8) 20. exd5 Ne5 21. Nxe5 dxe5 22. Rd1 (22. b5 $16 Bxd5 23. Bf1) 22... Kh8 (22... e4 $14 23. Bf1 Bd6) 23. a5 $18 Kg8 24. Rac1 Nh5 25. Bf1 Nf4 26. Ne4 (26. b5 $18) 26... Ng6 $2 {[%mdl 8192]} (26... Rxc1 $16 {is a better chance.} 27. Qxc1 Bxb4) 27. Nc5 Qe7 28. d6 {[%cal Bd5d6,Bd6d7][%mdl 32]} Qf6 29. Nxb7 Rb8 30. d7 Red8 31. Nxd8 Rxd8 32. Bxd8 Qxd8 33. Rc8 {White mates.} Qxd7 34. Rxd7 Ne7 {[#]} 35. Qb3 $1 Kh7 36. Rxf8 f6 37. Rxe7 h5 38. Qf7 {Precision: White = 39%, Black = 16%.} 1-0

[Event "RUS-chT Blitz Women 2018"]
[Site "Sochi"]
[Date "2018.10.10"]
[Round "1.12"]
[White "Sarvarova, Alisa"]
[Black "Kovalevskaya, Ekaterina"]
[Result "0-1"]
[WhiteElo "1216"]
[BlackElo "2403"]
[Annotator "TA"]
[PlyCount "138"]
[EventDate "2018.10.10"]
[EventType "swiss"]
[EventCountry "RUS"]
[SourceTitle "playchess.com"]
[Source "ChessBase"]
[SourceQuality "1"]

{[%evp 11,137,20,17,7,18,22,33,28,20,-11,-11,-27,0,-89,-12,-92,-92,-96,-94,-117,-116,-118,-42,-54,-57,-39,-40,-125,-129,-106,-110,-85,-12,-19,-9,-59,-18,-22,-10,-32,0,-50,-39,-45,-49,-49,-26,-24,0,0,0,0,0,0,0,0,0,-1333,-25,-1051,-8,-37,-13,-13,-13,-34,-8,-39,0,0,0,0,0,0,0,0,0,-56,0,0,0,-214,0,-658,-490,-2340,-2269,-2467,-2766,-29975,-29978,-29978,-29975,-29973,-29975,-29985,-29986,-29987,-29988,-29988,-29989,-29989,-29989,-29990,-29991,-29992,-29992,-29992,-29991,-29993,-29992,-29992,-29993,-29994,-29994,-29995,-29995,-29995,-29996,-29996,-29997,-29997,-29997,-29997,-29998,-29998,-29999,-29999]} 1. e4 c5 2. Nf3 Nc6 3. Bb5 g6 4. O-O Bg7 5. Nc3 e5 6. d3 Nge7 7. Be3 {B31: Sicilian: 2...Nc6 3 Bb5 g6} (7. Bc4 O-O 8. a3 d6 9. h3 h6 10. b4 Kh7 11. bxc5 dxc5 12. Rb1 b6 13. Nd5 Be6 14. Nxe7 Qxe7 {1-0 (55) Le,Q (2737)-Dubov,D (2694) Caleta 2018}) 7... Nd4 8. Bc4 O-O 9. Re1 {White is slightly better.} (9. Bg5 {is more complex.} Ne6 10. Bh4 h6 11. Nd2 d6 12. a4) 9... d6 10. Bxd4 $146 ({Predecessor:} 10. h3 a6 11. a4 Rb8 12. Nd5 Nxd5 13. Bxd5 Be6 14. c3 Nc6 15. Qd2 Bxd5 16. exd5 {0-1 (35) Winslow,P-Eriksson,C (2156) Odense 2013}) 10... cxd4 11. Nd5 Be6 12. Qd2 (12. Nxe7+ $11 {keeps the balance.} Qxe7 13. Bxe6 fxe6 14. c3) 12... Bxd5 ({Black should try} 12... Nxd5 $1 $17 13. Bxd5 Bxd5 14. exd5 Qb6) 13. Bxd5 (13. exd5 $11 {remains equal.} Qc7 14. c3) 13... Nxd5 $17 14. exd5 Rc8 15. c4 dxc3 $1 16. bxc3 {[#]} Qa5 ({Better is} 16... e4 $1 $17 {[%mdl 512]} 17. Nd4 (17. dxe4 Bxc3) 17... exd3 18. Qxd3 Qa5) 17. c4 $15 Qxd2 18. Nxd2 {[#]} e4 $1 {[%mdl 512]} 19. Rab1 ({White should play} 19. Nxe4 $15 Bxa1 20. Rxa1) 19... exd3 $17 20. Rxb7 Bc3 21. Rd1 Bxd2 (21... Rfe8 $17 {Threatens to win with ...Bxd2.} 22. Kf1 Re2) 22. Rxd2 $11 Rxc4 $17 {[%mdl 4096] Endgame ( -> ...Rc1+). KRR-KRR} 23. h3 (23. g3 {feels hotter.} Rc3 24. Rxa7 Re8 25. Kf1 Re5 26. f4) 23... Rd4 24. Rxa7 Re8 25. Ra3 Re1+ 26. Kh2 Re2 27. Rdxd3 Rxd3 28. Rxd3 Rxa2 $15 {KR-KR} 29. Kg3 f6 30. Kf3 Ra4 31. g3 Kg7 32. Ke3 g5 33. f3 Kg6 34. Rd4 $2 {[%mdl 8192]} (34. Rc3 $11) 34... Ra3+ $2 (34... Rxd4 $1 $19 35. Kxd4 Kf5) 35. Rd3 $2 {[%mdl 8192] [#]} (35. Kf2 $11) 35... Ra1 $2 (35... Rxd3+ $1 $19 36. Kxd3 Kf5) 36. Kf2 Kf5 37. Re3 Rd1 38. Re7 h5 (38... Kg6 {is interesting.} 39. Re8 Rxd5 40. Rg8+ Kf7 41. Rh8 Kg7) 39. Rh7 Rxd5 40. Rxh5 Ra5 41. Rh8 d5 42. Re8 Ra3 43. Re3 Ra2+ 44. Ke1 (44. Re2 $11 Ra7 45. Ke3) 44... Rg2 (44... Rh2 $1 $15) 45. g4+ $11 Kf4 46. Rd3 $2 (46. Re6 $11 {and White is okay.}) 46... Rg3 $2 (46... Rh2 $19 47. Rxd5 Rxh3) 47. Rxd5 $2 {[%mdl 8192]} (47. Kf2 $11 Rxh3 48. Kg2 Rg3+ 49. Kf2) 47... Rxf3 $19 48. Rd6 {[#]} (48. Ke2 $142 Rxh3 49. Rf5+ Kxg4 50. Rxf6) 48... Kg3 $1 {[%cal Rg3h3]} 49. Rd2 Kxh3 50. Re2 Kxg4 {Black mates.} 51. Re4+ Rf4 52. Re3 f5 53. Re2 Re4 54. Rxe4+ fxe4 {KP-KP} 55. Ke2 Kf4 {[%cal Bg4f4,Bf4f3,Bf3f2][%mdl 32]} 56. Kf2 e3+ 57. Ke2 g4 58. Kf1 Kf3 59. Ke1 e2 60. Kd2 Kf2 61. Kd3 e1=Q 62. Kd4 g3 63. Kc4 g2 64. Kc5 Qe2 65. Kd5 g1=Q 66. Kd4 Qgd1+ 67. Kc5 Qec2+ 68. Kb5 Qdb1+ 69. Ka5 Qca2# {Precision: White = 26%, Black = 47%.} 0-1